000 00544nam a2200169 a 4500
001 000016753
005 20200929164945.0
008 100310s1985 dr c 000 0 spa d
040 _aDO-SdBNP
_bspa
_cBNPHU
041 1 7 _aspa
_heng
082 _axxxx
_bC357g
245 0 0 _aCatálogo Guzmán de tarjetas postales, sobres y envolturas de la República Dominicana.
260 _aSanto Domingo :
_bImpresos La Fé,
_c1985.
300 _a47 p. :
_bretrs. ;
_c21 cm.
500 _aPrimer centenario del nacimiento de Juan Pablo Duarte
049 _aBNPD
999 _c16285
_d16285